| 000 | 01427nam0a2200349 4500 | ||
|---|---|---|---|
| 001 | RU\NLR\bibl\225185 | ||
| 005 | 20260407150446.0 | ||
| 010 |
_a5-87149-069-7 _9500 |
||
| 021 |
_aRU _b2001-50160 _92419 |
||
| 035 | _a(NLR Aleph) 000221203 | ||
| 090 |
_a1285745 _c1285745 |
||
| 100 | _a20020129d2001 |||y0rusy50 ca | ||
| 101 | 0 |
_arus _deng |
|
| 102 | _aRU | ||
| 105 | _ay ||||||||| | ||
| 200 | 1 |
_aКино: методология исследования _eСб. науч. работ _fВсерос. гос. ин-т кинематографии им. С.А. Герасимова _g[Сост. и науч. ред. В.М. Муриан] |
|
| 210 |
_aМ. _cВГИК _d2001 |
||
| 215 |
_a220 с. _d20 |
||
| 300 | _aРез. на англ. яз. | ||
| 320 | _aБиблиогр. в подстроч. примеч | ||
| 606 | 0 |
_aКиноведение _jСборники _xМетодология _92234023 _3RU\NLR\auth\661340800 |
|
| 686 |
_a18.51 _2rugasnti |
||
| 686 |
_a85.37 _2rubbk |
||
| 686 | _aЩ37в | ||
| 702 | 1 |
_aМуриан _bВ. М. _gВадим Михайлович _4220 |
|
| 711 | 0 | 2 |
_aВсероссийский государственный институт кинематографии им. С. А. Герасимова _9548725 _3RU\NLR\AUTH\8810025232 |
| 801 | 0 |
_aRU _bRKP _c20020129 _gPSBO |
|
| 801 | 1 |
_aRU _bRKP _c20020129 |
|
| 801 | 2 |
_aRU _bNLR _c20061101 _grcr |
|
| 942 | _cBOOK | ||
| 980 | _aNB | ||